01122cam a22002891a 4500001001300000003000400013005001700017007001500034008004100049010001700090035002000107040004800127042001200175050002700187051001500214100005900229245007000288260003300358300002000391490007900411500009100490504004100581530006900622650002400691830006600715856005100781e 22000001 DLC20260227111212.0cr_|||||||||||850423s1921 dcu 000 0 eng c ae 22000001  a(OCoLC)11952144 aU.S. Off. of Educ. LibrarycABAUdABAUdDLC apremarc00aL111b.A6 1921, no. 39 aLA817b.M61 aMontgomery, Walter A.q(Walter Alexander),d1872-1949.10aEducational reconstruction in Belgium /cby Walter A. Montgomery. aWashington :bG.P.O.,c1921. a12 p. ;c23 cm.1 aBulletin / Department of the Interior, Bureau of Education ;v1921, no. 39 a"Advance sheets from the Biennial survey of education in the United States, 1918-1920" aIncludes bibliographical references. aAlso available in digital form on the Internet Archive Web site. 0aEducationzBelgium. 0aBulletin (United States. Bureau of Education) ;v1921, no. 3941uhttp://hdl.loc.gov/loc.gdc/scd0001.00215025391